ETHICS IN MARKETING AND COMMUNICATIONS T (Record no. 29044)
[ view plain ]
| 000 -LEADER | |
|---|---|
| fixed length control field | 00355nam a2200133Ia 4500 |
| 008 - FIXED-LENGTH DATA ELEMENTS--GENERAL INFORMATION | |
| fixed length control field | 240624s9999 xx 000 0 und d |
| 041 ## - LANGUAGE CODE | |
| Language code of text/sound track or separate title | eng |
| 082 ## - DEWEY DECIMAL CLASSIFICATION NUMBER | |
| Classification number | 658.45 McK |
| 100 ## - MAIN ENTRY--PERSONAL NAME | |
| Personal name | MCKINLEY MARY M |
| 245 ## - TITLE STATEMENT | |
| Title | ETHICS IN MARKETING AND COMMUNICATIONS T |
| 260 ## - PUBLICATION, DISTRIBUTION, ETC. | |
| Date of publication, distribution, etc. | 2012 |
| Place of publication, distribution, etc. | New York |
| Name of publisher, distributor, etc. | Palgrave Macmillan |
| 300 ## - PHYSICAL DESCRIPTION | |
| Extent | xi, 130 p.; 22 cm. |
| 365 ## - TRADE PRICE | |
| Currency code | BPS |
| Price amount | 38 |
| Withdrawn status | Lost status | Damaged status | Not for loan | Home library | Current library | Shelving location | Date acquired | Cost, normal purchase price | Total Checkouts | Full call number | Barcode | Date last seen | Date last checked out | Copy number | Price effective from | Koha item type |
|---|---|---|---|---|---|---|---|---|---|---|---|---|---|---|---|---|
| IMTN | IMTN | Rack 33-A | 08/21/2017 | 75.00 | 1 | 658.45 McK | 29044 | 08/05/2025 | 03/20/2025 | 85.7 | 06/24/2024 | Books |